Quiz o języku angielskim - Statystyki

Ogólne statystyki
  • Ten quiz został rozwiązany 249 razy
    239 od ostatniego zresetowania
  • Średni wynik to 15 z 20
Statystyki odpowiedzi
Wskazówka Odpowiedź % Poprawnych
Kraj, od którego pochodzi nazwa języka Anglia
94%
Nazwa języka w tym języku English
94%
Państwo, w którym jest najwięcej native speakerów Stany Zjednoczone
93%
Odmień przez osoby czasownik to be w czasie teraźniejszym he/she/it {is}
91%
Odmień przez osoby czasownik to be w czasie teraźniejszym you {are}
91%
Odmień przez osoby czasownik to be w czasie teraźniejszym I {am}
90%
Odmień przez osoby czasownik to be w czasie teraźniejszym they {are}
90%
Odmień przez osoby czasownik to be w czasie teraźniejszym we {are}
90%
Odmień przez osoby czasownik to be w czasie teraźniejszym you {are}
90%
Jak napisać słowo color w brytyjskiej odmianie angielskiego? colour
83%
Jedyny język europejski, którego liczba native speakerów na świecie jest wyższa hiszpański
74%
Czas używany do opisywania tego, co dzieje się w tym momencie present continuous
71%
Co oznacza słowo through? przez
71%
Jak po angielsku nazywa się palec u stopy? toe
66%
Jaką końcówkę mają najczęściej czasowniki formy past participle? -ed
64%
Forma przeszła czasownika will would
62%
Język uznawany za język komunikacji międzynarodowej, zanim stał się nim angielski francuski
61%
Grupa językowa, z której się wywodzi języki germańskie
57%
Jaki jest przedimek określony w języku angielskim? the
55%
Jak nazywa się czasownik z przyimkiem, który zmienia znaczenie czasownika? czasownik frazowy
14%
Nie znaleziono quizów pasujących do podanych kryteriów
Rozkład punktacji
Procent ludzi z każdym wynikiem
Percentyl według liczby udzielonych odpowiedzi
Twoja historia wyników
Nie rozwiązałeś tego quizu od ostatniego zresetowania